Powiat Słupski - Największe miejscowości - Statystyki

Ogólne statystyki
  • Ten quiz został rozwiązany 23 razy
  • Średni wynik to 7 z 10
Statystyki odpowiedzi
# Ludność Miejscowość % Poprawnych
2 4 772 Kobylnica
94%
1 13 574 Ustka
88%
7 1 574 Redzikowo
75%
10 1 291 Damnica
69%
3 3 851 Dębnica Kaszubska
69%
5 3 254 Kępice
69%
9 1 405 Potęgowo
69%
4 3 533 Siemianice
63%
8 1 539 Jezierzyce
56%
6 1 692 Główczyce
50%
Nie znaleziono quizów pasujących do podanych kryteriów
Rozkład punktacji
Procent ludzi z każdym wynikiem
Percentyl według liczby udzielonych odpowiedzi
Twoja historia wyników
Nie rozwiązałeś tego quizu